| Tag |
First Indicator |
Second Indicator |
Subfields |
| LEADER |
00000cam a2200000 a 4500 |
| 001 |
in00000034417 |
| 005 |
20151007060715.0 |
| 008 |
851114r19861970nyua b 00110 eng |
| 010 |
|
|
|a 85029168
|
| 020 |
|
|
|a 0486650677 (pbk.) :
|c $10.00
|
| 035 |
|
|
|a (OCoLC)12949728
|
| 035 |
|
|
|9 AAC1545AM
|
| 040 |
|
|
|a DLC
|c DLC
|d m/c
|d TXA
|d UtOrBLW
|
| 049 |
|
|
|a TXAM
|c [A11550895]
|
| 050 |
0 |
0 |
|a QA805
|b .L278 1986
|
| 082 |
0 |
|
|a 531/.01/51
|2 19
|
| 100 |
1 |
|
|a Lanczos, Cornelius,
|d 1893-1974.
|
| 245 |
1 |
4 |
|a The variational principles of mechanics /
|c by Cornelius Lanczos.
|
| 250 |
|
|
|a 4th ed.
|
| 264 |
|
1 |
|a New York :
|b Dover Publications,
|c 1986
|
| 264 |
|
4 |
|c ©1970
|
| 300 |
|
|
|a xxix, 418 pages :
|b illustrations ;
|c 22 cm.
|
| 336 |
|
|
|a text
|b txt
|2 rdacontent
|
| 337 |
|
|
|a unmediated
|b n
|2 rdamedia
|
| 338 |
|
|
|a volume
|b nc
|2 rdacarrier
|
| 490 |
1 |
|
|a Dover books on physics and chemistry
|
| 500 |
|
|
|a Reprint. Originally published: Toronto : University of Toronto Press, c1970. (Mathematical expositions ; number 4).
|
| 504 |
|
|
|a Bibliography: pages 407-408.
|
| 500 |
|
|
|a Includes index.
|
| 650 |
|
0 |
|a Mechanics, Analytic.
|
| 650 |
|
0 |
|a Variational principles.
|
| 830 |
|
0 |
|a Dover books on physics and chemistry.
|
| 830 |
|
0 |
|a Mathematical expositions ;
|v no. 4.
|
| 999 |
|
|
|a MARS
|
| 999 |
f |
f |
|s 0e157c98-1efd-33c2-b0b9-d62155eba6be
|i fec22cb6-f20d-30f7-b6ff-f92d0e64d707
|t 0
|
| 952 |
f |
f |
|p normal
|a Texas A&M University
|b College Station
|c Sterling C. Evans Library
|s Evans stk
|d Evans: Library Stacks
|t 0
|e QA805 .L278 1986
|h Library of Congress classification
|i unmediated -- volume
|m A14851857418
|
| 998 |
f |
f |
|a QA805 .L278 1986
|t 0
|l Evans: Library Stacks
|